A Colour Atlas of Pathogenic Fungi. (Record no. 7310)
[ view plain ]
| 000 -LEADER | |
|---|---|
| fixed length control field | 00645nam a22002057a 4500 |
| 003 - CONTROL NUMBER IDENTIFIER | |
| control field | OSt |
| 005 - DATE AND TIME OF LATEST TRANSACTION | |
| control field | 20211001114903.0 |
| 008 - FIXED-LENGTH DATA ELEMENTS--GENERAL INFORMATION | |
| fixed length control field | 211001b ||||| |||| 00| 0 eng d |
| 020 ## - INTERNATIONAL STANDARD BOOK NUMBER | |
| International Standard Book Number | 0723407444 |
| 040 ## - CATALOGING SOURCE | |
| Transcribing agency | DDC |
| 082 ## - DEWEY DECIMAL CLASSIFICATION NUMBER | |
| Classification number | 579.5FRE 1979 |
| 100 ## - MAIN ENTRY--PERSONAL NAME | |
| Personal name | Frey,Dorothea; Oldfield R.J.; Bridger,Ronald C.; |
| 9 (RLIN) | 14993 |
| 245 ## - TITLE STATEMENT | |
| Title | A Colour Atlas of Pathogenic Fungi. |
| Statement of responsibility, etc. | Edited by Frey,Dorothea; Oldfield R.J. and Bridger,Ronald C.; |
| 250 ## - EDITION STATEMENT | |
| Edition statement | 2nd Ed. |
| 260 ## - PUBLICATION, DISTRIBUTION, ETC. (IMPRINT) | |
| Place of publication, distribution, etc. | London. |
| Name of publisher, distributor, etc. | Wolfe Medical Publications Ltd. |
| Date of publication, distribution, etc. | 1979. |
| 300 ## - PHYSICAL DESCRIPTION | |
| Extent | 168p; |
| Other physical details | ill; |
| Dimensions | 25cm. |
| 504 ## - BIBLIOGRAPHY, ETC. NOTE | |
| Bibliography, etc | Includes; references and index. |
| 650 ## - SUBJECT ADDED ENTRY--TOPICAL TERM | |
| Topical term or geographic name as entry element | Biology |
| 9 (RLIN) | 5602 |
| 942 ## - ADDED ENTRY ELEMENTS (KOHA) | |
| Source of classification or shelving scheme | Dewey Decimal Classification |
| Koha item type | Open Shelf |
| Withdrawn status | Lost status | Source of classification or shelving scheme | Damaged status | Not for loan | Home library | Current library | Date acquired | Source of acquisition | Inventory number | Total Checkouts | Full call number | Barcode | Date last seen | Price effective from | Koha item type |
|---|---|---|---|---|---|---|---|---|---|---|---|---|---|---|---|
| Dewey Decimal Classification | MUST Main Library | MUST Main Library | 01/10/2021 | Purchase | 11/34536 | 579.5FRE 1979 | 2021-1377 | 01/10/2021 | 01/10/2021 | Open Shelf |
